000 00654nam a2200193Ia 4500
003 GCL
008 140319s9999 xx 000 0 ara d
040 _aGCL /
_cGCL
082 0 4 _a342.023
_bس ل
100 1 _aسامى جمال الدين
245 1 0 _aلوائح الضرورة وضمانة الوقاية القضائية /
_cسامى جمال الدين
260 _a[S.N] :
_bمنشاة المعارف الاسلامية ،
_c1982
300 _a421ص
490 _aسلسلة الكتب القانونية
_v0
650 0 4 _aالقانون
650 0 4 _aالقانون العام
650 0 4 _aالقانون الادارى
942 _2ddc
_cBK
999 _c54608
_d54608